[Event "Lichtenrader Herbst 2017"]
[Site "Berlin"]
[Date "2017.10.29"]
[Round "2.22"]
[White "Mcgowan, Daniel"]
[Black "Riering, Berthold"]
[Result "1-0"]
[WhiteElo "2139"]
[BlackElo "1882"]
[PlyCount "121"]
[EventDate "2017.??.??"]
[WhiteTeam "SF 1903 Berlin"]
[BlackTeam "SchVgg Blankenese"]

1. e4 c6 2. d4 d5 3. e5 Bf5 4. Nf3 e6 5. Be2 c5 6. O-O Nc6 7. c3 cxd4 8. cxd4
Nge7 9. Nc3 Bg4 10. Ne1 Bxe2 11. Nxe2 Nf5 12. Nf3 Be7 13. g4 Nh4 14. Nxh4 Bxh4
15. f4 Qb6 16. Qd3 O-O-O 17. Be3 Be7 18. a3 Na5 19. b3 Qxb3 20. Rfc1+ Kb8 21.
Rc3 Qa4 22. f5 Rc8 23. Nf4 Rxc3 24. Qxc3 Rc8 25. Qd3 Qc4 26. Qd1 Qc3 27. Bf2
Bg5 28. Nd3 Nb3 29. Ra2 Nxd4 30. f6 gxf6 31. h4 Bh6 32. exf6 Qb3 33. Qxb3 Nxb3
34. Ne5 Bf4 35. Nxf7 Rf8 36. Ng5 Rxf6 37. Nxh7 Rf7 38. Ng5 Bxg5 39. hxg5 Rg7
40. Bg3+ Kc8 41. Rc2+ Kd8 42. Be5 Rg6 43. Rh2 Kc8 44. Bf6 Nc5 45. Rh8+ Kd7 46.
Rh6 Rg8 47. g6 Ne4 48. g5 Ke8 49. Kg2 Nd6 50. Kf3 Nf5 51. Rh7 Rxg6 52. Rxb7 Nd6
53. Re7+ Kf8 54. Rxe6 Ne4 55. Kf4 Nxf6 56. Kf5 Rg7 57. gxf6 Rd7 58. Kg6 d4 59.
Rc6 Rd8 60. Rc7 Ke8 61. Kg7 1-0

[Event "Lichtenrader Herbst 2017"]
[Site "Berlin"]
[Date "2017.10.29"]
[Round "2.23"]
[White "Niehaus, Frank"]
[Black "Kreutz, Jonas"]
[Result "1-0"]
[WhiteElo "2117"]
[BlackElo "1876"]
[PlyCount "47"]
[EventDate "2017.??.??"]
[WhiteTeam "SK Koenig Tegel"]
[BlackTeam "Koenigsjaeger Sued West"]

1. d4 d5 2. Bg5 Nf6 3. Bxf6 exf6 4. e3 Bd6 5. c4 b6 6. Nc3 dxc4 7. Qf3 c6 8.
Bxc4 Bb7 9. Nge2 Qc7 10. Ng3 Nd7 11. Qe2 b5 12. Bd3 a6 13. a4 b4 14. Nce4 c5
15. Nf5 Bf8 16. dxc5 Nxc5 17. Nxc5 Qxc5 18. O-O g6 19. Rac1 Qe5 20. Nd4 Qd5 21.
f3 f5 22. Rfd1 Qe5 23. f4 Qf6 24. Bb5+ 1-0

[Event "Lichtenrader Herbst 2017"]
[Site "Berlin"]
[Date "2017.10.29"]
[Round "2.24"]
[White "Kievelitz, Bernd"]
[Black "Gebigke, Martin"]
[Result "0-1"]
[WhiteElo "1880"]
[BlackElo "2109"]
[PlyCount "54"]
[EventDate "2017.??.??"]
[WhiteTeam "SC Zitadelle Spandau"]
[BlackTeam "SC Kreuzberg"]

1. Nf3 Nf6 2. c4 e6 3. Nc3 d5 4. cxd5 exd5 5. d4 c6 6. Bg5 Nbd7 7. e3 Qa5 8.
Bxf6 Nxf6 9. Qc2 Bd6 10. Bd3 O-O 11. h3 Ne4 12. O-O f5 13. a3 Qd8 14. b4 Qe8
15. Ne2 Bd7 16. Rfe1 Qh5 17. Nf4 Qh6 18. Ne5 Bxe5 19. dxe5 Rae8 20. Qb2 g5 21.
Ne2 Qg7 22. f4 Re6 23. g3 Nxg3 24. Nxg3 gxf4 25. Re2 fxg3 26. Rg2 Rxe5 27. Qd4
f4 0-1

[Event "Lichtenrader Herbst 2017"]
[Site "Berlin"]
[Date "2017.10.29"]
[Round "2.25"]
[White "Jaeschke, Jens Uwe"]
[Black "Bauder, Herbert"]
[Result "1-0"]
[WhiteElo "2107"]
[BlackElo "1855"]
[PlyCount "71"]
[EventDate "2017.??.??"]
[WhiteTeam "SF Nordost Berlin"]
[BlackTeam "Lasker Steglitz Wilmersdorf"]

1. e4 c5 2. c3 Nf6 3. e5 Nd5 4. d4 cxd4 5. cxd4 Nc6 6. Nf3 d6 7. Bc4 Nb6 8. Bb5
d5 9. Nc3 Bg4 10. h3 Bh5 11. e6 f6 12. g4 Bg6 13. Bf4 Be4 14. O-O Bxf3 15. Qxf3
g6 16. a4 a5 17. b4 Bg7 18. bxa5 Rxa5 19. Qg3 Na8 20. Rab1 Rxb5 21. Rxb5 Nxd4
22. Rxb7 O-O 23. Rb8 Qa5 24. Rxf8+ Bxf8 25. Re1 Qb4 26. Kg2 Qc4 27. a5 Nb3 28.
a6 d4 29. Ne4 d3 30. Nd2 Nxd2 31. Bxd2 Qxa6 32. Qb8 Qc6+ 33. Kg1 Nc7 34. Rc1
Qf3 35. Qxc7 Qxh3 36. Qg3 1-0

[Event "Lichtenrader Herbst 2017"]
[Site "Berlin"]
[Date "2017.10.29"]
[Round "2.26"]
[White "Starke, Rene Reiner"]
[Black "Hesse, Henrik"]
[Result "1/2-1/2"]
[WhiteElo "1863"]
[BlackElo "2091"]
[PlyCount "23"]
[EventDate "2017.??.??"]
[WhiteTeam "SW Lichtenrade"]
[BlackTeam "SV Mattnetz Berlin"]

1. d4 Nf6 2. Bf4 d5 3. e3 e6 4. Nd2 c5 5. c3 Nc6 6. Ngf3 Bd6 7. Bg3 O-O 8. Bb5
Ne7 9. Bd3 Ng6 10. Bxd6 Qxd6 11. Bxg6 fxg6 12. Ne5 1/2-1/2

[Event "Lichtenrader Herbst 2017"]
[Site "Berlin"]
[Date "2017.10.29"]
[Round "2.26"]
[White "Krefenstein, Sergej"]
[Black "Schmidt, Juergen"]
[Result "1-0"]
[WhiteElo "2172"]
[BlackElo "1948"]
[PlyCount "58"]
[EventDate "2017.??.??"]
[WhiteTeam "TuS Makkabi Berlin"]
[BlackTeam "SC Kreuzberg"]

1. d4 d5 2. c4 e6 3. Nc3 Nf6 4. e3 Be7 5. Nf3 O-O 6. Bd3 c5 7. O-O Nc6 8. a3
Bd7 9. cxd5 exd5 10. dxc5 Bg4 11. Be2 Bxc5 12. b4 Be7 13. Bb2 a6 14. Rc1 Qd6
15. h3 Be6 16. Bd3 Rad8 17. Ne2 Ne4 18. Ned4 Nxd4 19. Nxd4 Bf6 20. Bb1 Bc8 21.
Qd3 g6 22. Rfd1 Nxf2 23. Kxf2 Bxh3 24. Rh1 Bh4+ 25. Kg1 Bxg2 26. Nf5 gxf5 27. Qxf5 Be4 28. Bxe4 Qg3+ 29.
Kf1 dxe4 1-0

[Event "Lichtenrader Herbst 2017"]
[Site "Berlin"]
[Date "2017.10.29"]
[Round "2.28"]
[White "Kostanyan, Hakob"]
[Black "Knudsen, Jesper"]
[Result "1/2-1/2"]
[WhiteElo "1846"]
[BlackElo "2081"]
[PlyCount "196"]
[EventDate "2017.??.??"]
[WhiteTeam "SC Weisse Dame (Berlin)"]
[BlackTeam "Lasetoreningen"]

1. e4 c5 2. Ne2 d6 3. g3 Nc6 4. Bg2 g6 5. c3 Bg7 6. O-O e6 7. d4 cxd4 8. cxd4
Nge7 9. Nbc3 O-O 10. Be3 Qa5 11. a4 d5 12. exd5 exd5 13. Qb3 Be6 14. Rfd1 Qb4
15. Qc2 Rac8 16. Qd3 Qd6 17. Bf4 Qd7 18. Nb5 Nf5 19. Qa3 Rfe8 20. Bf3 a6 21.
Nd6 Nxd6 22. Qxd6 Qxd6 23. Bxd6 Bf5 24. Bc5 Be4 25. Bxe4 dxe4 26. Ra3 Rcd8 27.
b4 Ne5 28. Rc3 g5 29. Kg2 Nf3 30. Re3 f5 31. d5 Be5 32. d6 Re6 33. Rd5 Kf7 34.
a5 Rd7 35. Nc3 Kg6 36. Na4 Bxd6 37. Nb6 Rd8 38. Rc3 Bc7 39. Nd7 Bd6 40. Nb6 Bc7
41. Nd7 Bd6 42. Nb6 Ne5 43. Bd4 Nc6 44. Rc4 Bc7 45. Nd7 Rd6 46. Ne5+ Nxe5 47.
Rxe5 R8d7 48. Be3 Bd8 49. Rc3 Rf7 50. Rc8 f4 51. Bc5 Rdd7 52. Rxe4 fxg3 53.
hxg3 Be7 54. Rg8+ Kf5 55. Rc4 Rd5 56. g4+ Ke6 57. Re4+ Re5 58. Re3 Rxe3 59.
fxe3 Bxc5 60. bxc5 Kf6 61. Rc8 Ke5 62. c6 Kd6 63. cxb7 Rxb7 64. Ra8 Ke5 65. Kf3
Rf7+ 66. Ke2 Rf6 67. Ra7 h6 68. Re7+ Kd6 69. Re4 Kd5 70. Kd3 Rf1 71. Rd4+ Ke5
72. Rc4 Rd1+ 73. Kc2 Rd5 74. Ra4 Rb5 75. Kd3 Rb3+ 76. Ke2 Rb5 77. Kf3 Kf6 78.
Ke4 Kg6 79. Kf3 h5 80. gxh5+ Kxh5 81. Kg3 Rb3 82. Kf3 Rb5 83. Kg3 Rf5 84. e4
Re5 85. Kf3 Kg6 86. Kg4 Kf6 87. Kf3 Ke6 88. Kg4 Kd6 89. Ra1 Rxe4+ 90. Kxg5 Kc5
91. Kf5 Rb4 92. Ke5 Kb5 93. Kd5 Ra4 94. Rb1+ Kxa5 95. Kc5 Ra2 96. Rb4 Rh2 97.
Rb1 Rh5+ 98. Kc6 Rh6+ 1/2-1/2

[Event "Lichtenrader Herbst 2017"]
[Site "Berlin"]
[Date "2017.10.29"]
[Round "2.29"]
[White "Maetzkow, Maximilian Paul"]
[Black "Dathe, Frederick"]
[Result "1/2-1/2"]
[WhiteElo "2076"]
[BlackElo "1825"]
[PlyCount "43"]
[EventDate "2017.??.??"]
[WhiteTeam "ESV Eberswalde"]
[BlackTeam "SC Kreuzberg"]

1. d4 Nf6 2. Nc3 g6 3. e4 d6 4. Be3 Bg7 5. f3 c6 6. a4 Nbd7 7. Qd2 Qc7 8. Bc4
O-O 9. Nge2 Re8 10. O-O e5 11. Rfd1 a5 12. d5 Bf8 13. Bb3 Rd8 14. Kh1 Be7 15.
Ng1 Nc5 16. dxc6 bxc6 17. Bxc5 dxc5 18. Qe2 Ba6 19. Bc4 Bxc4 20. Qxc4 Qb6 21.
Rxd8+ Rxd8 22. Rd1 1/2-1/2

[Event "Lichtenrader Herbst 2017"]
[Site "Berlin"]
[Date "2017.10.29"]
[Round "2.30"]
[White "Huels, Maximilian"]
[Black "Rahls, Peter"]
[Result "0-1"]
[WhiteElo "1841"]
[BlackElo "2067"]
[PlyCount "118"]
[EventDate "2017.??.??"]
[WhiteTeam "SV Mattnetz Berlin"]
[BlackTeam "SK Zehlendorf"]

1. e4 c5 2. c3 e6 3. d4 d5 4. exd5 exd5 5. Nf3 Bd6 6. dxc5 Bxc5 7. Bd3 Ne7 8.
O-O Bf5 9. Re1 Bxd3 10. Qxd3 Nbc6 11. Nbd2 O-O 12. Nb3 Bb6 13. Bg5 f6 14. Bf4
Qd7 15. a4 Ng6 16. Bg3 a5 17. Qb5 Ra6 18. Rad1 Rd8 19. c4 Nb4 20. c5 Bc7 21.
Qxb7 Bxg3 22. Qxd7 Bxf2+ 23. Kxf2 Rxd7 24. Rd2 Kf7 25. g3 Ra8 26. Nbd4 Rc8 27.
Nb3 Nc6 28. Red1 Nge7 29. Nfd4 Nxd4 30. Rxd4 Rb7 31. R4d3 Rcb8 32. Nxa5 Rxb2+
33. R3d2 Rxd2+ 34. Rxd2 Ra8 35. Nb7 Rxa4 36. Rc2 Nc6 37. Nd6+ Kg6 38. Ke3 Ra3+
39. Kf2 d4 40. Rd2 Rc3 41. Ne4 Rc4 42. g4 h5 43. gxh5+ Kxh5 44. Ng3+ Kg4 45.
Ne2 Kf5 46. Ng3+ Ke5 47. Re2+ Kd5 48. Nf5 Kxc5 49. Nxg7 d3 50. Rd2 Kd4 51. Nf5+
Kc3 52. Ke3 Nb4 53. Nd6 Nd5+ 54. Kf2 Rb4 55. Ra2 d2 56. Ra1 Kc2 57. Ra2+ Kc1
58. Ra1+ Kb2 59. Rd1 Kc2 0-1

[Event "Lichtenrader Herbst 2017"]
[Site "Berlin"]
[Date "2017.10.30"]
[Round "3.1"]
[White "Kryakvin, Dmitry"]
[Black "Chan, Kim Yew"]
[Result "1-0"]
[WhiteElo "2583"]
[BlackElo "2185"]
[PlyCount "73"]
[EventDate "2017.??.??"]

1. d4 Nf6 2. c4 e6 3. Nf3 Bb4+ 4. Bd2 Bxd2+ 5. Qxd2 b6 6. g3 Bb7 7. Bg2 O-O 8.
Nc3 d6 9. d5 e5 10. O-O a5 11. Ne1 Nbd7 12. Nc2 Nc5 13. e4 Ba6 14. b3 Qe8 15.
Rfe1 b5 16. cxb5 Bxb5 17. Nxb5 Qxb5 18. Rad1 Rfd8 19. Re3 c6 20. dxc6 Qxc6 21.
Rc3 Qb6 22. Rc4 Ne6 23. Qc3 Qb7 24. h3 h6 25. Kh2 Qe7 26. Rd2 Nc5 27. Ne3 g6
28. Re2 Ra7 29. Qd2 Kg7 30. f4 Ne6 31. Nd5 Qf8 32. Qc3 Nd7 33. Rf2 Raa8 34. h4
Kh7 35. Bh3 Nd4 36. Bxd7 Rxd7 37. Nf6+ 1-0

[Event "Lichtenrader Herbst 2017"]
[Site "Berlin"]
[Date "2017.10.30"]
[Round "3.2"]
[White "Stigar, Petter"]
[Black "Danin, Alexandre"]
[Result "1/2-1/2"]
[WhiteElo "2211"]
[BlackElo "2530"]
[PlyCount "108"]
[EventDate "2017.??.??"]

1. d4 Nf6 2. c4 g6 3. Nc3 d5 4. Bf4 Bg7 5. e3 O-O 6. Rc1 Be6 7. Qb3 c5 8. Qxb7
Qb6 9. Qxb6 axb6 10. Nf3 dxc4 11. dxc5 bxc5 12. Ng5 Nd5 13. Nxe6 Bxc3+ 14. bxc3
fxe6 15. Bxc4 Nd7 16. Rc2 N7b6 17. Bxd5 Nxd5 18. Be5 Ra4 19. Ke2 Nb6 20. Rd1
Kf7 21. f3 Rfa8 22. Ra1 Nc4 23. Bg3 Ke8 24. e4 Kd7 25. Kd3 Kc6 26. Bh4 R8a7 27.
h3 Rb7 28. Bg5 Na3 29. Rd2 Nc4 30. Rc2 e5 31. Bc1 e6 32. Ke2 Rb8 33. Kd3 Rb6
34. Ke2 Rb7 35. Kd3 Na5 36. Be3 Nc4 37. Bc1 Rd7+ 38. Ke2 Rd8 39. Rb1 Rda8 40.
Kd3 Nd6 41. Ra1 Nb5 42. Bg5 R8a7 43. Bf6 Na3 44. Rb2 Nc4 45. Rc2 h6 46. Bh4 Rb7
47. Bg3 Rba7 48. Ke2 Rd7 49. Bf2 Rda7 50. Bg3 Rb7 51. Kd3 Rba7 52. Ke2 Rd7 53.
Bf2 Rda7 54. Bg3 Rd7 1/2-1/2

[Event "Lichtenrader Herbst 2017"]
[Site "Berlin"]
[Date "2017.10.30"]
[Round "3.3"]
[White "Stern, Rene"]
[Black "Mcgowan, Daniel"]
[Result "1-0"]
[WhiteElo "2498"]
[BlackElo "2139"]
[PlyCount "93"]
[EventDate "2017.??.??"]

1. Nf3 d5 2. d4 Nf6 3. c4 e6 4. Nc3 Be7 5. Bg5 O-O 6. e3 Nbd7 7. Rc1 dxc4 8.
Bxc4 c5 9. O-O cxd4 10. Nxd4 Nb6 11. Be2 Nfd5 12. Bxe7 Qxe7 13. Nxd5 exd5 14.
Bd3 Bd7 15. Qd2 g6 16. Qa5 Qd6 17. Bb5 Rfd8 18. b3 a6 19. Bc6 Nc4 20. Qxd5 Bxc6
21. Qxc4 Rac8 22. Qc5 Qb8 23. Qg5 Rd5 24. Qg3 Qa7 25. Rc4 Rcd8 26. Rfc1 Bb5 27.
Rc8 Qb6 28. h3 Qf6 29. Qc7 Bc6 30. Nxc6 bxc6 31. Qxc6 Rxc8 32. Qxc8+ Kg7 33.
Qc2 Qd8 34. Qc3+ Kh6 35. g3 Qd7 36. Qf6 Qxh3 37. Qxf7 Rf5 38. Qd7 Qh5 39. Rc7
Kg5 40. Qe7+ Kg4 41. Rc4+ Kf3 42. Qe4+ Ke2 43. Qc2+ Ke1 44. Qb1+ Ke2 45. Rd4
Rxf2 46. Qd1+ Kxe3 47. Qd3# 1-0

[Event "Lichtenrader Herbst 2017"]
[Site "Berlin"]
[Date "2017.10.30"]
[Round "3.4"]
[White "Schnabel, Ralf"]
[Black "Starostits, Ilmars"]
[Result "1/2-1/2"]
[WhiteElo "2161"]
[BlackElo "2418"]
[PlyCount "106"]
[EventDate "2017.??.??"]

1. e4 c6 2. d4 d5 3. Nd2 Nf6 4. e5 Ne4 5. Nxe4 dxe4 6. Bc4 b5 7. Bb3 e6 8. Be3
c5 9. dxc5 Qc7 10. f4 exf3 11. Nxf3 Nd7 12. Qe2 a6 13. a4 b4 14. O-O Bxc5 15.
Kh1 O-O 16. Rad1 a5 17. Rfe1 Bxe3 18. Qxe3 Bb7 19. Rd4 Rad8 20. Rc4 Qb6 21.
Qxb6 Nxb6 22. Rc5 Ra8 23. Rb5 Ra6 24. Nd4 Rd8 25. c3 bxc3 26. bxc3 Bd5 27. Kg1
g5 28. Bxd5 Nxd5 29. Rc1 Kg7 30. Nb3 Rc6 31. c4 Nf4 32. Kf1 Rcc8 33. Rxa5 Ra8
34. Rxa8 Rxa8 35. a5 Nd3 36. Ra1 Nxe5 37. c5 Kf6 38. Ke2 Ke7 39. Kd2 Kd7 40.
Kc3 Kc6 41. Rd1 h5 42. h3 h4 43. Rd6+ Kc7 44. Rb6 g4 45. hxg4 Rg8 46. Nd4 Rxg4
47. Nb5+ Kd7 48. a6 Rg3+ 49. Kc2 Rxg2+ 50. Kb3 Rg3+ 51. Ka2 Rg2+ 52. Kb3 Rg3+
53. Ka2 Rg2+ 1/2-1/2

[Event "Lichtenrader Herbst 2017"]
[Site "Berlin"]
[Date "2017.10.30"]
[Round "3.5"]
[White "Gebigke, Martin"]
[Black "Ahmadinia, Ebrahim"]
[Result "0-1"]
[WhiteElo "2109"]
[BlackElo "2410"]
[PlyCount "90"]
[EventDate "2017.??.??"]

1. d4 g6 2. e4 Bg7 3. Nf3 d6 4. Be2 Nf6 5. Nc3 Bg4 6. Be3 Nc6 7. d5 Bxf3 8.
Bxf3 Ne5 9. Be2 O-O 10. O-O c6 11. dxc6 bxc6 12. Rb1 a5 13. f4 Ned7 14. b3 Qc7
15. Qe1 e5 16. fxe5 Nxe5 17. Bg5 Nfd7 18. Qd2 Rfe8 19. Rbe1 Nc5 20. Bf6 Re6 21.
Bxg7 Kxg7 22. Kh1 Qb6 23. a3 Rae8 24. Bd1 f6 25. Re3 Nf7 26. Qd4 Nd7 27. Qxb6
Nxb6 28. Ref3 Ng5 29. Rf4 R8e7 30. Bg4 Re5 31. Rxf6 Nxe4 32. Nxe4 Rxe4 33. h3
Re1 34. Kh2 h5 35. Rxe1 Rxe1 36. Re6 Rxe6 37. Bxe6 Kf6 38. Bg8 d5 39. Kg3 Nc8
40. c4 Ne7 41. cxd5 cxd5 42. Bh7 Kg7 43. b4 axb4 44. axb4 Kxh7 45. Kf4 Kg7 0-1

[Event "Lichtenrader Herbst 2017"]
[Site "Berlin"]
[Date "2017.10.30"]
[Round "3.6"]
[White "Rahls, Peter"]
[Black "Schmidek, Emil"]
[Result "1-0"]
[WhiteElo "2067"]
[BlackElo "2298"]
[PlyCount "119"]
[EventDate "2017.??.??"]

1. e4 e5 2. Nf3 Nc6 3. Bc4 Nf6 4. d3 Be7 5. O-O O-O 6. a4 d6 7. h3 Kh8 8. Re1
Ng8 9. Nc3 f5 10. Nd5 Nf6 11. Nxe7 Qxe7 12. exf5 Bxf5 13. Bg5 Be6 14. Bxe6 Qxe6
15. d4 Qf5 16. Bxf6 gxf6 17. d5 Ne7 18. Nd4 Qg6 19. Ra3 Nf5 20. Nxf5 Qxf5 21.
Rf3 Qd7 22. Re4 f5 23. Rb4 c5 24. dxc6 bxc6 25. Rfb3 Rac8 26. Qh5 Qf7 27. Qh4
Rc7 28. Rb8 Rxb8 29. Rxb8+ Kg7 30. Rd8 Qg6 31. Qc4 Qf7 32. Qxf7+ Kxf7 33. Rxd6
c5 34. b3 Kg7 35. g4 fxg4 36. hxg4 Kf7 37. Rh6 Kg8 38. Re6 Rg7 39. Rxe5 Rxg4+
40. Kf1 c4 41. Ke2 cxb3 42. cxb3 Rb4 43. Re7 Rxb3 44. Rxa7 Ra3 45. Kf1 h5 46.
a5 h4 47. Kg2 h3+ 48. Kg1 Ra2 49. a6 h2+ 50. Kh1 Kf8 51. f4 Ke8 52. f5 Kf8 53.
f6 Kg8 54. Rg7+ Kh8 55. Rb7 Ra1+ 56. Kxh2 Rxa6 57. Rb8+ Kh7 58. f7 Rh6+ 59. Kg3
Rg6+ 60. Kh4 1-0

[Event "Lichtenrader Herbst 2017"]
[Site "Berlin"]
[Date "2017.10.30"]
[Round "3.7"]
[White "Heinig, Wolfram"]
[Black "Niehaus, Frank"]
[Result "1/2-1/2"]
[WhiteElo "2270"]
[BlackElo "2117"]
[PlyCount "31"]
[EventDate "2017.??.??"]

1. Nf3 d5 2. d4 e6 3. g3 f5 4. Bg2 Nf6 5. O-O Bd6 6. c4 c6 7. b3 Qe7 8. Bb2 O-O
9. Ne5 b6 10. Nd2 Bb7 11. Qc2 a5 12. Rac1 Ne4 13. f3 Nxd2 14. Qxd2 Bxe5 15.
dxe5 Na6 16. cxd5 1/2-1/2

[Event "Lichtenrader Herbst 2017"]
[Site "Berlin"]
[Date "2017.10.30"]
[Round "3.8"]
[White "Shpati, Ted"]
[Black "Barath, M."]
[Result "0-1"]
[WhiteElo "2048"]
[BlackElo "2259"]
[PlyCount "94"]
[EventDate "2017.??.??"]

1. d4 Nf6 2. Nf3 g6 3. Bg5 Bg7 4. e3 d6 5. Be2 Nbd7 6. O-O O-O 7. Nbd2 Qe8 8.
h3 e5 9. dxe5 dxe5 10. Nc4 Qe6 11. Bh4 h6 12. c3 b6 13. Bg3 Ne4 14. Bh2 Bb7 15.
Qc2 Rad8 16. Rad1 Qe7 17. Nfd2 Ng5 18. Rfe1 h5 19. e4 Nc5 20. f3 Nce6 21. Nf1
Nf4 22. Bxf4 exf4 23. Rxd8 Rxd8 24. b4 Bc8 25. Rd1 Rxd1 26. Bxd1 Be6 27. Qd3
Bxc4 28. Qxc4 Qe5 29. Qd3 Qxc3 30. Qd8+ Bf8 31. Bb3 Qe5 32. Nd2 b5 33. Bd5 Ne6
34. Bxe6 Qxe6 35. Nb3 Qd6 36. Qc8 Kg7 37. Kh2 Be7 38. Qb7 Qe5 39. Qxa7 Bxb4 40.
Qd4 Bc3 41. Qd3 Be1 42. Nd4 c5 43. Nxb5 Bg3+ 44. Kg1 Qa1+ 45. Qf1 Bh2+ 46. Kf2
Qb2+ 47. Ke1 Qc1+ 0-1

[Event "Lichtenrader Herbst 2017"]
[Site "Berlin"]
[Date "2017.10.30"]
[Round "3.9"]
[White "Biriukov, Nikolai"]
[Black "Jaeschke, Jens Uwe"]
[Result "1-0"]
[WhiteElo "2250"]
[BlackElo "2107"]
[PlyCount "113"]
[EventDate "2017.??.??"]
[BlackTeam "SF Nordost Berlin"]

1. d4 d5 2. c4 e6 3. Nc3 Nf6 4. cxd5 exd5 5. Bg5 Be7 6. e3 c6 7. Bd3 Nbd7 8.
Qc2 Nh5 9. Bxe7 Qxe7 10. Nge2 Nb6 11. O-O-O g6 12. Na4 Nxa4 13. Qxa4 Ng7 14.
Nc3 O-O 15. h4 Bf5 16. Qc2 Rfe8 17. Kb1 Bxd3 18. Qxd3 Rad8 19. Rh3 f5 20. Ne2
Qe4 21. Rh2 Nh5 22. g3 Re7 23. Nc3 Qxd3+ 24. Rxd3 Nf6 25. Kc2 Ne4 26. Ne2 Rde8
27. Ra3 a6 28. Nf4 Kg7 29. Rb3 Rf7 30. Nd3 Rfe7 31. Kd1 Kf6 32. Ke2 h6 33. Ne5
Nd6 34. Rh1 Nf7 35. Nd3 Nd6 36. Ne5 Nf7 37. Nxf7 Rxf7 38. Kf3 Ke6 39. Rc3 Kd6
40. b4 b5 41. a4 Ree7 42. Ra1 g5 43. axb5 axb5 44. Ra6 Rc7 45. h5 Rf6 46. Ra8
Ke7 47. Rh8 Ke6 48. Ra3 Kd6 49. Raa8 Re7 50. Rhd8+ Rd7 51. Rdc8 Rc7 52. Rg8 Re7
53. Raf8 Ree6 54. Rd8+ Ke7 55. Rb8 Kf7 56. Rgc8 Rd6 57. Rc7+ 1-0

[Event "Lichtenrader Herbst 2017"]
[Site "Berlin"]
[Date "2017.10.30"]
[Round "3.10"]
[White "Feil, Stephan"]
[Black "Mueller, Nick"]
[Result "0-1"]
[WhiteElo "2036"]
[BlackElo "2249"]
[PlyCount "37"]
[EventDate "2017.??.??"]

1. e4 c5 2. Nf3 Nc6 3. Bb5 g6 4. Bxc6 bxc6 5. O-O Bg7 6. Re1 Nh6 7. d3 O-O 8.
Nbd2 d6 9. h3 f6 10. a4 Nf7 11. a5 e5 12. Ra4 Rb8 13. Nf1 Rb4 14. Ra3 f5 15. c3
Rb5 16. Qa4 f4 17. d4 Qc7 18. Rd1 Be6 19. Ra1 0-1

[Event "Lichtenrader Herbst 2017"]
[Site "Berlin"]
[Date "2017.10.30"]
[Round "3.11"]
[White "Foerster, Jonas"]
[Black "Krefenstein, Sergej"]
[Result "1-0"]
[WhiteElo "2229"]
[BlackElo "2083"]
[PlyCount "69"]
[EventDate "2017.??.??"]

1. d4 Nf6 2. c4 g6 3. Nc3 d5 4. Nf3 Bg7 5. cxd5 Nxd5 6. e4 Nxc3 7. bxc3 c5 8.
Rb1 O-O 9. Be2 Nc6 10. Be3 cxd4 11. cxd4 Qa5+ 12. Bd2 Qxa2 13. d5 Ne5 14. Nxe5
Bxe5 15. O-O b6 16. Bb4 Bd7 17. Bxe7 Ba4 18. Qe1 Rfe8 19. d6 Qe6 20. Qb4 b5 21.
f4 Bg7 22. f5 gxf5 23. Bh5 a5 24. Qc5 Qxe4 25. Qxf5 Rxe7 26. dxe7 Qxe7 27. Bf3
Rd8 28. Bd5 Qe5 29. Qxf7+ Kh8 30. Rbe1 Qd4+ 31. Kh1 b4 32. Bb3 Bxb3 33. Qxb3
Ra8 34. Qa4 Qc3 35. Re8+ 1-0

[Event "Lichtenrader Herbst 2017"]
[Site "Berlin"]
[Date "2017.10.30"]
[Round "3.13"]
[White "Polatel, Ali"]
[Black "Boettcher, Patrick"]
[Result "1-0"]
[WhiteElo "2224"]
[BlackElo "2044"]
[PlyCount "69"]
[EventDate "2017.??.??"]

1. c4 c5 2. g3 g6 3. Bg2 Bg7 4. Nc3 Nc6 5. Nf3 e5 6. O-O Nge7 7. Ne1 a6 8. Nc2
Rb8 9. a3 b5 10. d3 O-O 11. cxb5 axb5 12. Ne3 d6 13. Ncd5 Be6 14. Rb1 Qd7 15.
b4 cxb4 16. axb4 Rfc8 17. f4 f5 18. Bb2 Kh8 19. Qd2 Nxd5 20. Nxd5 Qf7 21. Nc3
exf4 22. Rxf4 d5 23. e3 d4 24. Ne2 dxe3 25. Bxg7+ Kxg7 26. Qxe3 Bd5 27. Bxd5
Qxd5 28. Rh4 Kg8 29. Qh6 Qd7 30. d4 Re8 31. Rb2 Nxb4 32. Nc3 Re1+ 33. Kg2 Nd3
34. Rd2 Ne5 35. dxe5 1-0

[Event "Lichtenrader Herbst 2017"]
[Site "Berlin"]
[Date "2017.10.30"]
[Round "3.14"]
[White "Cusnariov, Nikolai"]
[Black "Weber, Max"]
[Result "1/2-1/2"]
[WhiteElo "2017"]
[BlackElo "2212"]
[PlyCount "73"]
[EventDate "2017.??.??"]

1. c4 Nf6 2. Nc3 d5 3. cxd5 Nxd5 4. g3 g6 5. Bg2 Nb6 6. Nf3 Bg7 7. O-O Nc6 8.
d3 O-O 9. a4 a5 10. Be3 e5 11. Bxb6 cxb6 12. Nd2 Be6 13. Nc4 Rc8 14. Qb3 Nd4
15. Qxb6 Bxc4 16. Qxd8 Rfxd8 17. dxc4 Rxc4 18. e3 Ne6 19. Rfd1 Rxd1+ 20. Rxd1
Rb4 21. Rd5 b6 22. Rb5 e4 23. Nd5 Rxb5 24. axb5 Bxb2 25. Bxe4 a4 26. Nxb6 a3
27. Bb1 Nc7 28. Kf1 Nxb5 29. Nd5 Kf8 30. Ke2 Ke8 31. Kd3 Kd7 32. Ba2 Kd6 33.
Nb4 f6 34. Bg8 h6 35. Bf7 g5 36. h3 Kc5 37. Na2 1/2-1/2

[Event "Lichtenrader Herbst 2017"]
[Site "Berlin"]
[Date "2017.10.30"]
[Round "3.15"]
[White "Malek, Daniel"]
[Black "Hiebert, Kenji"]
[Result "1-0"]
[WhiteElo "2368"]
[BlackElo "2017"]
[PlyCount "97"]
[EventDate "2017.??.??"]

1. d4 Nf6 2. c4 e6 3. Nc3 Bb4 4. e3 O-O 5. Nge2 c6 6. a3 Ba5 7. c5 d6 8. cxd6
Qxd6 9. b4 Bc7 10. g3 a5 11. Rb1 axb4 12. axb4 e5 13. Bg2 Bf5 14. e4 Bg6 15.
O-O Rd8 16. Be3 Ng4 17. Qb3 Nxe3 18. fxe3 Nd7 19. Rbd1 Nf6 20. d5 Bb6 21. Kh1
Bxe3 22. dxc6 Qxc6 23. Nd5 Nxd5 24. exd5 Qb6 25. d6 Bc5 26. Bd5 Qxb4 27. Bxf7+
Bxf7 28. Qxf7+ Kh8 29. d7 Qe4+ 30. Qf3 Qxf3+ 31. Rxf3 b6 32. Rf5 e4 33. Nf4 Be7
34. Ne6 Rg8 35. Re5 Bd8 36. Rxe4 b5 37. Rd5 h6 38. Rxb5 Kh7 39. h4 Ra7 40. Rd4
Ra6 41. Nc5 Rc6 42. Rd5 Rf8 43. Rb8 Rcf6 44. Kg2 g5 45. Rxd8 Rf2+ 46. Kh3 Rxd8
47. Ne6 Rg8 48. hxg5 hxg5 49. Kg4 1-0

[Event "Lichtenrader Herbst 2017"]
[Site "Berlin"]
[Date "2017.10.30"]
[Round "3.16"]
[White "Weber, Erwin"]
[Black "Kasparov, Sergey"]
[Result "0-1"]
[WhiteElo "1970"]
[BlackElo "2450"]
[PlyCount "150"]
[EventDate "2017.??.??"]

1. d4 c5 2. dxc5 e6 3. Nc3 Bxc5 4. Ne4 Nf6 5. Nxc5 Qa5+ 6. Qd2 Qxc5 7. Qg5 Qxg5
8. Bxg5 Nc6 9. Bxf6 gxf6 10. e4 Ke7 11. c3 d6 12. f4 Rg8 13. Nf3 b6 14. Kf2 Bb7
15. Bd3 Nb8 16. Rhe1 Nd7 17. g3 h6 18. Rad1 Rac8 19. Nd4 a6 20. Bc2 Rc7 21. a4
Rb8 22. Re3 Rg8 23. Rg1 h5 24. h3 Rh8 25. Nf3 Nc5 26. Nd4 Bc6 27. Ra1 Bd7 28.
a5 b5 29. Bd1 h4 30. g4 Rb8 31. Nc2 Bc6 32. Bf3 Nb3 33. Ra3 Nd2 34. Nb4 Bb7 35.
Be2 Rbc8 36. Bd3 Nc4 37. Bxc4 Rxc4 38. Ra1 Bxe4 39. Nxa6 Bb7 40. Nb4 Rxf4+ 41.
Ke2 f5 42. a6 Ba8 43. gxf5 Rxf5 44. Rg1 e5 45. Rg4 Rh5 46. Nd3 Rh6 47. Rg5 Kf8
48. Nb4 f6 49. Rg1 Kf7 50. Rd3 f5 51. Nd5 Rc6 52. Nb4 Rb6 53. Rg5 Be4 54. Rd1
Rb8 55. Rdg1 Rh7 56. Rg6 Rd8 57. Ke3 Ba8 58. R6g5 f4+ 59. Kf2 Be4 60. Re1 Kf6
61. Reg1 Rc8 62. Rg8 Rxg8 63. Rxg8 Kf7 64. Rc8 Ke6 65. Nc6 Bxc6 66. Rxc6 Ra7
67. Rb6 Kd7 68. Kf3 Ra8 69. Kg4 Kc7 70. Rxb5 Rxa6 71. Kxh4 Ra8 72. c4 Rf8 73.
Rb3 e4 74. Rc3 e3 75. Kg4 f3 0-1

[Event "Lichtenrader Herbst 2017"]
[Site "Berlin"]
[Date "2017.10.30"]
[Round "3.17"]
[White "Kalka, Arkadius Georg"]
[Black "Kather, Yannick"]
[Result "1-0"]
[WhiteElo "2286"]
[BlackElo "1981"]
[PlyCount "97"]
[EventDate "2017.??.??"]
[WhiteTeam "SC Hansa Dortmund"]

1. c4 g6 2. g3 Bg7 3. Nf3 Nf6 4. Na3 c6 5. b4 d5 6. Bb2 O-O 7. Bg2 a5 8. b5
dxc4 9. bxc6 Nxc6 10. Nxc4 Be6 11. Nce5 Nxe5 12. Bxe5 Bd5 13. Qb1 Qd7 14. d3
Bc6 15. O-O a4 16. Re1 Rfd8 17. a3 Ra5 18. Bc3 Rb5 19. Qc2 Bxf3 20. Bxf3 Rc8
21. Qd2 Rxc3 22. Qxc3 Ne4 23. Qc1 Bxa1 24. Qxa1 Ng5 25. Bg2 Nh3+ 26. Kf1 Ng5
27. Rc1 Ne6 28. Rc4 Rc5 29. Rxc5 Nxc5 30. Qe5 Qd6 31. Qxd6 exd6 32. Ke1 Kf8 33.
d4 Nb3 34. e3 Na5 35. Bd5 Nc6 36. Bxc6 bxc6 37. Kd2 Ke7 38. Kc3 Ke6 39. Kc4 Kd7
40. Kb4 Kc7 41. Kxa4 Kb6 42. Kb4 f6 43. e4 g5 44. f4 gxf4 45. gxf4 h5 46. a4
c5+ 47. dxc5+ dxc5+ 48. Kc4 Kc6 49. a5 1-0